Online
Catalog

Canadá República Dominicana : (Record no. 52617)

MARC details
000 -CABECERA
campo de control de longitud fija 01427nam a2200349 a 4500
003 - IDENTIFICADOR DEL NÚMERO DE CONTROL
campo de control DO-SdBNP
005 - FECHA Y HORA DE LA ÚLTIMA TRANSACCIÓN
campo de control 20221025100752.0
007 - CAMPO FIJO DE DESCRIPCIÓN FÍSICA--INFORMACIÓN GENERAL
campo de control de longitud fija ta
008 - DATOS DE LONGITUD FIJA--INFORMACIÓN GENERAL
campo de control de longitud fija 221024b200? dr ao||gr||||o00| 0 spa d
040 ## - FUENTE DE LA CATALOGACIÓN
Centro catalogador/agencia de origen DO-SdBNP
Lengua de catalogación spa
Centro/agencia transcriptor BNPHU
082 #4 - NÚMERO DE LA CLASIFICACIÓN DECIMAL DEWEY
Número de edición 22
Número de documento/Ítem C212r
245 00 - MENCIÓN DE TÍTULO
Título Canadá República Dominicana :
Resto del título una crónica de imágenes = A chronicle of images = Une chronique d´images /
Mención de responsabilidad, etc. Fotografía, Domingo Batista, ... [et. al]; Texto, Freddy Ginebra, ...[et. al.]; Traducción, Caroline Blacwell, Yamile Adames
260 ## - PUBLICACIÓN, DISTRIBUCIÓN, ETC.
Lugar de publicación, distribución, etc. [Santo Domingo] :
Nombre del editor, distribuidor, etc. Embajada de Canadá,
Fecha de publicación, distribución, etc. [2005]
300 ## - DESCRIPCIÓN FÍSICA
Extensión 69 p. ;
Otras características físicas il. fotogr. ;
Dimensiones 28 cm.
500 ## - NOTA GENERAL
Nota general Ilustración de portada: Cándido Bidó.
590 ## - NOTA LOCAL (RLIN)
Nota local Inventariado 2022 / MF
650 #4 - PUNTO DE ACCESO ADICIONAL DE MATERIA--TÉRMINO DE MATERIA
9 (RLIN) 50018
Término de materia o nombre geográfico como elemento de entrada Canada
Subdivisión general Relaciones Exteriores
651 ## - PUNTO DE ACCESO ADICIONAL DE MATERIA--NOMBRE GEOGRÁFICO
Nombre geográfico República Dominicana
Subdivisión cronológica Relaciones Exteriores
9 (RLIN) 82574
700 1# - PUNTO DE ACCESO ADICIONAL--NOMBRE DE PERSONA
9 (RLIN) 56792
Nombre de persona Batista, Domingo,
Término indicativo de función/relación fotograf.
700 1# - PUNTO DE ACCESO ADICIONAL--NOMBRE DE PERSONA
Nombre de persona Oliver, Julier,
Término indicativo de función/relación fotograf.
Forma completa/desarrollada del nombre (Ottawa Citizen)
9 (RLIN) 82583
700 1# - PUNTO DE ACCESO ADICIONAL--NOMBRE DE PERSONA
Nombre de persona Avampini, Alejandro,
Término indicativo de función/relación fotograf.
9 (RLIN) 82584
700 1# - PUNTO DE ACCESO ADICIONAL--NOMBRE DE PERSONA
Nombre de persona Eijsenck, David,
Término indicativo de función/relación fotograf.
9 (RLIN) 82585
700 1# - PUNTO DE ACCESO ADICIONAL--NOMBRE DE PERSONA
Nombre de persona Despatis, Luc,
Término indicativo de función/relación fotograf.
9 (RLIN) 82586
700 1# - PUNTO DE ACCESO ADICIONAL--NOMBRE DE PERSONA
9 (RLIN) 21605
Nombre de persona Ginebra, Freddy,
Término indicativo de función/relación texto
700 1# - PUNTO DE ACCESO ADICIONAL--NOMBRE DE PERSONA
9 (RLIN) 65846
Nombre de persona Graham, John,
Término indicativo de función/relación texto
700 1# - PUNTO DE ACCESO ADICIONAL--NOMBRE DE PERSONA
Nombre de persona Blackwell, Adam,
Término indicativo de función/relación texto
9 (RLIN) 82587
700 1# - PUNTO DE ACCESO ADICIONAL--NOMBRE DE PERSONA
Nombre de persona McMillan, Greg,
Término indicativo de función/relación texto
9 (RLIN) 82588
700 1# - PUNTO DE ACCESO ADICIONAL--NOMBRE DE PERSONA
Nombre de persona Adames, Yamile
Término indicativo de función/relación texto
9 (RLIN) 82589
700 1# - PUNTO DE ACCESO ADICIONAL--NOMBRE DE PERSONA
Nombre de persona Blackwell, Caroline,
Término indicativo de función/relación trad.
9 (RLIN) 82590
910 ## - DATOS DE OPCIÓN DEL USUARIO (OCLC)
Datos de opción del usuario MFeliz
942 ## - ELEMENTOS DE PUNTO DE ACCESO ADICIONAL (KOHA)
Fuente del sistema de clasificación o colocación Dewey Decimal Classification
Tipo de ítem Koha Libro
Holdings
Estado de retiro Estado de pérdida Fuente del sistema de clasificación o colocación Restricciones de uso No para préstamo Código de colección Localización permanente Ubicación/localización actual Ubicación en estantería Fecha de adquisición Total de préstamos Signatura topográfica completa Código de barras Fecha visto por última vez Precio válido a partir de Tipo de ítem Koha
    Dewey Decimal Classification Excluido de préstamo   Patrimonio Dominicano Biblioteca Nacional Pedro Henríquez Ureña Biblioteca Nacional Pedro Henríquez Ureña En catalogación 24.10.2022   C212r 2022-4485 24.10.2022 24.10.2022 Libro

Powered by Koha